Central Library OPAC University of Rajshahi

Men of letters and the English public in the eighteenth century, 1660-1744, Dryden, Addison, Pope / (Record no. 21281)

MARC details
000 -LEADER
fixed length control field 01146cam a2200277 4500
001 - CONTROL NUMBER
control field 21281
003 - CONTROL NUMBER IDENTIFIER
rucl marc code BD-RjUL
005 - DATE AND TIME OF LATEST TRANSACTION
control field 20211209000652.0
008 - FIXED-LENGTH DATA ELEMENTS--GENERAL INFORMATION
fixed length control field 140304s1897 enk 001 0 eng d
035 ## - SYSTEM CONTROL NUMBER
System control number (BD-RjUL)21345
040 ## - CATALOGING SOURCE
Original cataloging agency CLE
Transcribing agency CLE
Language of cataloging eng
Modifying agency BD-RjUL
041 ## - LANGUAGE CODE
Language code of text/sound track or separate title eng
082 ## - DEWEY DECIMAL CLASSIFICATION NUMBER
Classification number 821.4
Author mark and year BEM
100 1# - MAIN ENTRY--PERSONAL NAME
Personal name Beljame, A.
Fuller form of name (Alexandre),
Dates associated with a name 1843?-1906.
9 (RLIN) 65793
245 10 - TITLE STATEMENT
Title Men of letters and the English public in the eighteenth century, 1660-1744, Dryden, Addison, Pope /
Statement of responsibility, etc. by Alexandre Benjame ; Edited, with an introduction and notes by Bonamy Dobrée, tr. by E. O. Lorimer.
250 ## - EDITION STATEMENT
Edition statement [2d ed.] english edition 1948
260 ## - PUBLICATION, DISTRIBUTION, ETC. (IMPRINT)
Place of publication, distribution, etc. London :
Name of publisher, distributor, etc. Kegan Paul, Trench, Trubner & Co.,
Date of publication, distribution, etc. 1897.[1948]
300 ## - PHYSICAL DESCRIPTION
Pagination 492 p. :
Size 22 cm.
504 ## - BIBLIOGRAPHY, ETC. NOTE
Bibliography, etc Includes bibliography and index.
600 10 - SUBJECT ADDED ENTRY--PERSONAL NAME
Personal name Dryden, John,
Dates associated with a name 1631-1700.
Personal name Addison, Joseph,
Dates associated with a name 1672-1719.
Personal name Pope, Alexander,
Dates associated with a name 1688-1744.
650 #0 - SUBJECT ADDED ENTRY--TOPICAL TERM
Topical term or geographic name as entry element English literature
Chronological subdivision 18th century
General subdivision History and criticism
9 (RLIN) 4254
830 #0 - SERIES ADDED ENTRY--UNIFORM TITLE
Uniform title International library of sociology and social reconstruction (Routledge & Kegan Paul)
942 ## - ADDED ENTRY ELEMENTS (KOHA)
Source of classification or shelving scheme Dewey Decimal Classification
Koha item type Books
Holdings
Lost status Source of classification or shelving scheme Damaged status Not for loan Collection code Permanent Location Current Location Shelving location Date acquired Source of acquisition Cost, normal purchase price Total Checkouts Full call number Date last seen Copy number Koha item type
  Dewey Decimal Classification     Fiction Central Library, University of Rajshahi Central Library, University of Rajshahi   18/08/1970 Zeitlinger 60.00   821.4 BEM 1897 04/03/2014 C-2 Books
  Dewey Decimal Classification   Not For Loan Non-fiction Central Library, University of Rajshahi Central Library, University of Rajshahi Reading Room 03/02/1956 A.B.C. 20.00   821.4 BEM 1948 05/03/2020 C-1 Books